• 首页
  • 本馆介绍
  • 公告通知
  • 最新文献
  • 馆藏检索
  • 电子资源
  • 读者导购
  • 参考咨询
  • 我的图书馆
  • 登录
  • 详细信息显示
  • 放入我的书架
  • 预约/预借图书
  • 作者相关作品
  • 分类相关作品
  • 丛书相关作品
  • 出版社相关作品

书目信息

  • 表格格式
  • 工作单格式
  • 卡片格式
题名:
广韵校录
    
 
作者: 黄侃 笺识 ;黄焯 编次
分册:  
出版信息: 上海   上海古籍出版社  1985
页数: 386页
开本: 20cm
丛书名:
单 册:
中图分类: H113.3
科图分类:
主题词: 广韵--校勘
电子资源:
ISBN:
000 00655nam0 2200253 45
001 0185012643
005 20040422082846.1
010    @dCNY2.10
100    @a19951021d1985 em y0chiy0121 ea
101 0  @achi
102    @aCN@b310000
105    @ay z 000yy
106    @ar
200 10 @a广韵校录@Aguang yun xiao lu@f黄侃笺识@g黄焯编次
205    @a影印本
210    @a上海@c上海古籍出版社@d1985
215    @a386页@d20cm
606    @a广韵@x校勘
690    @aH113.3@v3
701  0 @a黄侃@4笺识@Ahuang kan
702  0 @a黄焯@4编次@Ahuang chao
801  0 @aCN@b深圳图书馆@c20040422
801  2 @aCN@bNLC@c20040422
905    @f2@b128955-956@dH113.3@e24
    
    广韵校录/黄侃笺识/黄焯编次.-影印本.-上海:上海古籍出版社,1985
    386页;20cm
    
    
    ISBN :CNY2.10
    
●
相关链接 在E读中查询图书 在五车中查询图书 在当当中查询图书 在豆瓣中查询图书


正题名:广韵校录     索取号:H113.3/24         预约/预借

序号 登录号 条形码 馆藏地/架位号 状态 备注
1 0128955   000831087   第四借阅区/ [索取号:H113.3/24] 在馆    
2 0128956   000831096   密集书库/ [索取号:H113.3/24] 在馆    
3 0128957   202078312   第一样本阅览室/ [索取号:H113.3/24] 在馆    
唐山师范学院图书馆 欢迎您!
大连网信软件有限公司© 版权所有